000 00709nam a22002057a 4500
003 LK-CoDNM
005 20241011142859.0
008 241011b |||||||| |||| 00| 0 eng d
040 _aLK-CoDNM
_dLK-CoDNM
_eLK-CoDNM
041 _asin
080 _aප්‍ර.උ
_b7
245 _aඋදය තරුව - 1932 මැයි - 1 කාණ්ඩය
_b1 වැනි කලාපය
260 _aකොළඹ
_bවිද්‍යානන්ද යන්ත්‍රාලය
_c1932
300 _b48p. ; 24 cm
650 _aප්‍ර.උ 7
650 _aඋදය තරුව - 1932 මැයි - 1 කාණ්ඩය
650 _a1 වැනි කලාපය
650 _a1932
942 _cBK
999 _c219075
_d219075